000 00824cab a2200277 4500
001 WB3121-13
008 090401t1995 xxu||||| |||| 00| 0 eng d
035 _a(Sirsi) u17171
041 _aeng
245 _aNitrate vulnerable zones
260 _c1995
350 _a0
490 _aDoE News Release
_v(254) 25 May 1995, (3)
520 _aProposals to proceed with the designation of nitrate vulnerable zones, following consultation during 1994, are published.
650 _aAGRICULTURE
650 _aEC NITRATE DIRECTIVE 1991
650 _aGROUNDWATER ZONES
650 _aNATIONAL RIVERS AUTHORITY
650 _aNAYLAND
650 _aNITRATE VULNERABLE ZONES
650 _aPOLLUTION
650 _aSURFACE WATER ZONE
690 _aENVIRONMENTAL AND LAND CONSULTANCY
942 _n0
948 _c04/03/1997
999 _c11387
_d11387